000 01038nam a2200253 i 4500
001 115563
003 ES-MaACL
005 20230906190504.0
007 t|
008 070315s1926 mx b |||| |cspa d
080 _a016:929:821.134.2(72)-31
080 _a821.134.2(72)-31.09
100 1 _aIguiniz, Juan B.
_9186306
245 1 0 _aBibliografía de novelistas mexicanos
_b: ensayo biográfico, bibliográfico y crítico /
_cJuan B. Iguíniz ; precedido de un estudio histórico de la novela mexicana por Francisco Monterde García Icazbalceta.
260 _aMéxico :
_b[s.n.],
_c1926 (
_eImp. de la Secretaría de Relaciones Exteriores)
300 _aXXXV, 432 p. ;
_c20 cm.
490 1 _aMonografías bibliográficas mexicanas ;
_v3
650 4 _aEscritores mexicanos-
_vBiobibliografías.
_9162171
650 4 _aNovela mexicana-
_xHistoria y crítica.
_9157026
700 1 _aMonterde, Francisco.
_982467
830 0 _aMonografías bibliográficas mexicanas ;
_v3
_9186305
852 _aES-MaACL
_jB-13408
999 _c115563
_d115563